| 000 | 00733nam a2200229Ia 4500 | ||
|---|---|---|---|
| 003 | OSt | ||
| 005 | 20240828120014.0 | ||
| 008 | 220927b |||||||| |||| 00| 0 eng d | ||
| 037 |
_b020, 09/03/2021, N.R.Book Distributors _cTextual |
||
| 040 |
_aSDCL _cSDCL _beng |
||
| 041 |
_2eng _aeng |
||
| 082 | _aG:7 R0;3 | ||
| 100 | _aBarresi, Michael J.F. | ||
| 245 | 0 | _aDevelopmental biology | |
| 250 | _a12th | ||
| 260 |
_aNew York _b Oxford university Press _c2020 |
||
| 300 |
_axxi,664p.+ VP. _ccm. |
||
| 650 | _aBiochemistry | ||
| 700 |
_a Gilbert Scott F. _9391902 |
||
| 942 |
_hG:7 R0;3 _cTEXL _2CC |
||
| 999 |
_c787317 _d787317 |
||